000 00391nam a22001337a 4500
020 _a0-8133-1232-9
082 _a355 ANO'G
100 _aGEORGE, ALEXANDER L
_967119
245 _aAVOIDING WAR, PROBLEMS OF CRISIS MANAGEMENT
260 _aOXFORD
_bWESTVIEW
_c1991
300 _a590P
650 _aCRISIS MANAGEMENT WAR CASE STUDIES MILITARY HISTORY MODERN 20TH CENTURY
_967120
942 _cBK
999 _c574968
_d574968